[Event "Pardubice Czech op-E 34th"]
[Site "Pardubice"]
[Date "2023.07.14"]
[Round "2"]
[White "Rosenbaum, Vit"]
[Black "Zvolensky, David"]
[Result "1/2-1/2"]
[WhiteElo "2159"]
[BlackElo "2249"]
[PlyCount "67"]
[EventDate "2023.07.13"]
[EventType "team-swiss"]
[EventRounds "7"]
[EventCountry "CZE"]
[SourceTitle "CBM 215 Extra"]
[Source "ChessBase"]
[SourceDate "2023.09.30"]
[SourceVersion "1"]
[SourceVersionDate "2023.09.30"]
[SourceQuality "1"]
[WhiteTeam "Pardubice Gasco"]
[BlackTeam "Vlasim Spartak"]
[WhiteTeamCountry "CZE"]
[BlackTeamCountry "CZE"]

1. e4 e5 2. Bc4 Nf6 3. d3 Bc5 4. Nc3 c6 5. Nf3 d6 6. h3 a5 7. a3 0-0 8. 0-0 Re8 9. Bg5 h6 10. Bh4 g5 11. Bg3 b5 12. Ba2 Qc7 13. Qd2 Nh5 14. Bh2 Bb6 15. h4 Kh7 16. hxg5 Rg8 17. gxh6 Qe7 18. Kh1 Qf6 19. Bxf7 Qxf7 20. Ng5+ Rxg5 21. Qxg5 Ra7 22. f4 Be3 23. Ne2 Qg6 24. Qxg6+ Kxg6 25. fxe5 dxe5 26. Bxe5 Nd7 27. Bh2 Ndf6 28. Nf4+ Nxf4 29. Bxf4 Bb6 30. Rae1 Rh7 31. Be3 Bc7 32. Bf4 Bb6 33. Be3 Bc7 34. Bf4 1/2-1/2

[Event "Mid Bohemia Region-chT 2223"]
[Site "Czech Republic"]
[Date "2022.12.11"]
[Round "5.1"]
[White "Pychova, Nela"]
[Black "Rosenbaum, Vit"]
[Result "0-1"]
[WhiteElo "2107"]
[BlackElo "2151"]
[PlyCount "118"]
[EventDate "2022.10.09"]
[EventType "team-tourn"]
[EventRounds "11"]
[EventCountry "CZE"]
[SourceTitle "EXT 2024"]
[Source "ChessBase"]
[SourceDate "2023.10.10"]
[SourceVersion "1"]
[SourceVersionDate "2023.10.10"]
[SourceQuality "1"]
[WhiteTeam "Vlasim II"]
[BlackTeam "Zdice"]
[WhiteTeamCountry "CZE"]
[BlackTeamCountry "CZE"]

1. c4 e5 2. Nc3 Nc6 3. g3 g6 4. Bg2 Bg7 5. Nf3 Nge7 6. 0-0 0-0 7. d3 d6 8. Rb1 f5 9. Bd2 Bd7 10. b4 Qc8 11. b5 Nd8 12. Nd5 Nxd5 13. cxd5 c6 14. bxc6 bxc6 15. dxc6 Bxc6 16. Bb4 Qd7 17. Qb3+ Kh8 18. Qa3 Nf7 19. Rfc1 Rfc8 20. Qa6 Bh6 21. Rc2 Rab8 22. Rcb2 Rb6 23. Qa5 Rb5 24. Qa6 Rcb8 25. Bc3 R8b6 26. Qa3 Rxb2 27. Bxb2 Qb7 28. Qc3 Nd8 29. Ne1 Bxg2 30. Nxg2 Ne6 31. e3 Bg7 32. h4 e4 33. d4 Nc5 34. Nf4 Na4 35. Qc4 Rxb2 36. Rxb2 Nxb2 37. Qe6 Qb8 38. Qf7 Qg8 39. Qxa7 Nd3 40. Ne2 h5 41. a4 Qa2 42. Kf1 Qd2 43. Qb8+ Kh7 44. Qb1 Bf6 45. Qa1 Bd8 46. d5 Ba5 47. Qf6 Qe1+ 48. Kg2 Qxf2+ 49. Kh1 Qf3+ 50. Kh2 Qxe2+ 51. Kg1 Qxe3+ 52. Kh2 Qf2+ 53. Kh3 Qf1+ 54. Kh2 Qe2+ 55. Kh1 Nf2+ 56. Kg1 Nh3+ 57. Kh1 Qf1+ 58. Kh2 Qg1+ 59. Kxh3 Qh1# 0-1

[Event "CZE-ch Betsys Online Blitz"]
[Site "Chess.com INT"]
[Date "2021.04.17"]
[Round "2"]
[White "Rosenbaum, Vit"]
[Black "Hosova, Sandra"]
[Result "1-0"]
[WhiteElo "2155"]
[BlackElo "1379"]
[PlyCount "67"]
[EventDate "2021.04.17"]
[EventType "swiss (blitz)"]
[EventRounds "13"]
[EventCountry "CZE"]
[SourceTitle "CBM 201 Extra"]
[Source "ChessBase"]
[SourceDate "2021.05.31"]
[SourceVersion "1"]
[SourceVersionDate "2021.05.31"]
[SourceQuality "1"]

1. e4 c5 2. Nc3 Nc6 3. g3 g6 4. Bg2 Bg7 5. d3 Nf6 6. Be3 d6 7. h3 0-0 8. Qd2 Bd7 9. Bh6 Rc8 10. Nge2 Be6 11. 0-0 d5 12. Bxg7 Kxg7 13. Nf4 dxe4 14. Nxe6+ fxe6 15. Nxe4 Nxe4 16. Bxe4 Qd4 17. c3 Qe5 18. Rae1 Qh5 19. Bg2 Ne5 20. d4 cxd4 21. Qxd4 Kf6 22. f4 Kf7 23. Rxe5 Qh6 24. Rfe1 Rfd8 25. Qe3 Rd6 26. Rxe6 Rxe6 27. Qxe6+ Kf8 28. Qxc8+ Kf7 29. Qe6+ Kg7 30. Qxe7+ Kg8 31. Bd5+ Kh8 32. Qe8+ Kg7 33. Qf7+ Kh8 34. Qg8# 1-0

[Event "Prague op 17th"]
[Site "Prague"]
[Date "2018.01.15"]
[Round "5"]
[White "Rosenbaum, Vit"]
[Black "Claridge Hansen, William"]
[Result "0-1"]
[WhiteElo "2123"]
[BlackElo "2304"]
[PlyCount "116"]
[EventDate "2018.01.12"]
[EventType "swiss"]
[EventRounds "9"]
[EventCountry "CZE"]
[SourceTitle "CBM 182 Extra"]
[Source "ChessBase"]
[SourceDate "2018.02.23"]
[SourceVersion "1"]
[SourceVersionDate "2018.02.23"]
[SourceQuality "1"]

1. e4 c5 2. Nc3 Nc6 3. g3 g6 4. Bg2 Bg7 5. d3 e5 6. Be3 d6 7. Qd2 Nge7 8. Bh6 Bxh6 9. Qxh6 Ng8 10. Qd2 h5 11. 0-0-0 Nf6 12. f4 Be6 13. Rf1 Nd4 14. Nf3 exf4 15. Qxf4 Nxf3 16. Bxf3 0-0 17. Bd1 Ne8 18. h4 Kg7 19. g4 hxg4 20. Bxg4 Bxg4 21. Qxg4 Nf6 22. Qg2 Rh8 23. Qf3 Qe7 24. Kb1 Rh5 25. Ne2 Rah8 26. Qf4 Nd7 27. Rhg1 Rxh4 28. Qf2 Ne5 29. Nf4 Rh2 30. Qe1 Qh4 31. Qe3 Rh1 32. b3 Rxg1 33. Rxg1 Qe7 34. Nd5 Qe6 35. d4 Nc6 36. dxc5 dxc5 37. Qxc5 Qxe4 38. Rf1 Rh1 39. Rxh1 Qxh1+ 40. Kb2 Qe4 41. c3 Qe5 42. Qc4 g5 43. b4 f5 44. Qb5 Kg6 45. Qc5 Kh5 46. a4 Nxb4 47. Qxb4 Qxd5 48. Qe7 f4 49. Qe2+ f3 50. Qh2+ Kg6 51. Qf2 Qe4 52. Qc5 Kh5 53. Qc7 Kg4 54. Qd7+ Kg3 55. Kb3 f2 56. Qd1 Kg2 57. Qd2 Qf4 58. Qe2 Kg1 0-1

[Event "Prague Golden op 13th"]
[Site "Prague"]
[Date "2017.07.05"]
[Round "5"]
[White "Rosenbaum, Vit"]
[Black "Krivanek, Vladimir"]
[Result "1/2-1/2"]
[WhiteElo "2124"]
[BlackElo "2095"]
[PlyCount "134"]
[EventDate "2017.07.01"]
[EventType "swiss"]
[EventRounds "9"]
[EventCountry "CZE"]
[SourceTitle "CBM 179 Extra"]
[Source "ChessBase"]
[SourceDate "2017.08.23"]
[SourceVersion "1"]
[SourceVersionDate "2017.08.23"]
[SourceQuality "1"]

1. d4 Nf6 2. c4 b6 3. Nc3 Bb7 4. d5 e5 5. Nf3 Qe7 6. Bg5 h6 7. Bh4 Na6 8. a3 d6 9. Qa4+ Qd7 10. Bxf6 Qxa4 11. Nxa4 gxf6 12. e4 Rg8 13. g3 Bc8 14. Bd3 h5 15. b4 Bh6 16. Ke2 Ke7 17. Ra2 f5 18. exf5 Kf6 19. Nc3 Nb8 20. h3 a5 21. b5 Ke7 22. g4 Bf4 23. g5 Nd7 24. Ne4 Nf8 25. Nf6 Rxg5 26. Nxg5 Kxf6 27. Ne4+ Ke7 28. f6+ Kd8 29. Raa1 Bf5 30. Ng3 Bg6 31. Rag1 Kd7 32. Bxg6 fxg6 33. Ne4 Ke8 34. Kf3 Kf7 35. Rg2 Nh7 36. Rhg1 Rg8 37. h4 Nxf6 38. Nxf6 Kxf6 39. Ke4 Rg7 40. Rd1 Rd7 41. Rd3 Rd8 42. Rg1 Rb8 43. Rb1 Ke7 44. Rg1 Rg8 45. Rg2 Rg7 46. Rd1 Rg8 47. Rdg1 Kf6 48. a4 Bd2 49. c5 bxc5 50. f3 Bc3 51. f4 exf4 52. Kxf4 g5+ 53. hxg5+ Kg6 54. Re2 Rf8+ 55. Ke4 Be5 56. Kd3 Rf4 57. Re4 Rf3+ 58. Kc2 Rf5 59. Kd3 Rf3+ 60. Ke2 Rc3 61. Kd2 Rf3 62. Ke2 Rf5 63. Kd3 Rf2 64. Ke3 Ra2 65. Kd3 Ra3+ 66. Kc2 Ra2+ 67. Kd3 Ra3+ 1/2-1/2

[Event "Prague Golden op 13th"]
[Site "Prague"]
[Date "2017.07.04"]
[Round "4"]
[White "Kuhnmund, Ivan"]
[Black "Rosenbaum, Vit"]
[Result "0-1"]
[WhiteElo "1644"]
[BlackElo "2124"]
[PlyCount "46"]
[EventDate "2017.07.01"]
[EventType "swiss"]
[EventRounds "9"]
[EventCountry "CZE"]
[SourceTitle "CBM 179 Extra"]
[Source "ChessBase"]
[SourceDate "2017.08.23"]
[SourceVersion "1"]
[SourceVersionDate "2017.08.23"]
[SourceQuality "1"]

1. e4 e6 2. Nc3 d5 3. Qe2 Ne7 4. Nf3 d4 5. Nd1 c5 6. g3 Nec6 7. Bg2 Be7 8. 0-0 e5 9. d3 Be6 10. h3 Nd7 11. Nxe5 Ndxe5 12. f4 Qc7 13. fxe5 Nxe5 14. Nf2 h5 15. c3 0-0-0 16. cxd4 cxd4 17. Bf4 Kb8 18. Rfc1 Qd6 19. g4 Bh4 20. g5 f6 21. g6 Bg5 22. Bh2 Bxc1 23. Rxc1 Rc8 0-1

[Event "Prague Golden op 13th"]
[Site "Prague"]
[Date "2017.07.01"]
[Round "1"]
[White "Fiser, Jiri1111"]
[Black "Rosenbaum, Vit"]
[Result "0-1"]
[WhiteElo "1897"]
[BlackElo "2124"]
[PlyCount "70"]
[EventDate "2017.07.01"]
[EventType "swiss"]
[EventRounds "9"]
[EventCountry "CZE"]
[SourceTitle "CBM 179 Extra"]
[Source "ChessBase"]
[SourceDate "2017.08.23"]
[SourceVersion "1"]
[SourceVersionDate "2017.08.23"]
[SourceQuality "1"]

1. e4 e6 2. d4 d5 3. Nd2 Nf6 4. e5 Nfd7 5. f4 c5 6. Ngf3 Nc6 7. Nb3 Be7 8. Be2 f6 9. c3 Qb6 10. exf6 Nxf6 11. dxc5 Bxc5 12. Nxc5 Qxc5 13. Nd4 Nxd4 14. Qxd4 Qxd4 15. cxd4 Bd7 16. 0-0 Rc8 17. Bd3 a6 18. Be3 Bb5 19. Bxb5+ axb5 20. Rfc1 Kd7 21. Rxc8 Rxc8 22. Rc1 Ra8 23. a3 Ne4 24. g4 g6 25. Kf1 Ra4 26. Ke2 b4 27. axb4 Rxb4 28. Rc2 Rb3 29. Kf3 Nd6 30. Ke2 Nc4 31. Bc1 Rh3 32. Ke1 Rd3 33. Ke2 Rxd4 34. b3 Na5 35. Rb2 Rb4 0-1

[Event "Klatovy op 22nd"]
[Site "Klatovy"]
[Date "2016.07.05"]
[Round "4"]
[White "Rosenbaum, Vit"]
[Black "Soural, Jan"]
[Result "0-1"]
[WhiteElo "2087"]
[BlackElo "2231"]
[PlyCount "126"]
[EventDate "2016.07.02"]
[EventType "swiss"]
[EventRounds "9"]
[EventCountry "CZE"]
[SourceTitle "CBM 173 Extra"]
[Source "ChessBase"]
[SourceDate "2016.08.29"]
[SourceVersion "1"]
[SourceVersionDate "2016.08.29"]
[SourceQuality "1"]

1. d4 Nf6 2. c4 g6 3. g3 d5 4. cxd5 Nxd5 5. e4 Nb6 6. Bg2 Bg7 7. Ne2 c5 8. d5 0-0 9. 0-0 e6 10. Nbc3 Na6 11. h3 Bd7 12. Re1 e5 13. g4 Nc4 14. Ng3 Nd6 15. Bf1 c4 16. Be3 Qc7 17. Rc1 Rfc8 18. Nb1 Qa5 19. a3 Ba4 20. Qd2 Qd8 21. Nc3 Bd7 22. Rc2 Nc5 23. Bxc5 Rxc5 24. Rec1 Qh4 25. Nd1 Bh6 26. Ne3 Rac8 27. b3 b5 28. Kg2 Bf4 29. Be2 h5 30. a4 a6 31. axb5 axb5 32. bxc4 bxc4 33. Rc3 hxg4 34. hxg4 Bxg3 35. fxg3 Qxg3+ 36. Kxg3 Nxe4+ 37. Kg2 Nxd2 38. R1c2 Ne4 39. Rxc4 Rxc4 40. Rxc4 Rxc4 41. Nxc4 Bb5 42. Nd2 Nxd2 43. Bxb5 Ne4 44. Kf3 Nd6 45. Bd3 Kf8 46. g5 Ke7 47. Ke3 Nf5+ 48. Ke4 Kd6 49. Bc4 Ng3+ 50. Kf3 Nh5 51. Ba2 Nf4 52. Ke4 Nh3 53. Kf3 Nxg5+ 54. Kg4 Ne4 55. Bb3 f5+ 56. Kh4 Nd2 57. Ba2 e4 58. Kg3 g5 59. Kf2 Nf3 60. Ke3 Ke5 61. Bb3 f4+ 62. Kf2 Nd4 63. Ba2 Nf5 0-1

[Event "Klatovy op 22nd"]
[Site "Klatovy"]
[Date "2016.07.02"]
[Round "1"]
[White "Spicka, Jan"]
[Black "Rosenbaum, Vit"]
[Result "0-1"]
[WhiteElo "1833"]
[BlackElo "2087"]
[PlyCount "86"]
[EventDate "2016.07.02"]
[EventType "swiss"]
[EventRounds "9"]
[EventCountry "CZE"]
[SourceTitle "CBM 173 Extra"]
[Source "ChessBase"]
[SourceDate "2016.08.29"]
[SourceVersion "1"]
[SourceVersionDate "2016.08.29"]
[SourceQuality "1"]

1. e4 e6 2. d4 d5 3. Nd2 Nf6 4. e5 Nfd7 5. Bd3 c5 6. c3 Nc6 7. Ne2 Qb6 8. Nf3 cxd4 9. cxd4 f6 10. exf6 Nxf6 11. 0-0 Bd6 12. a3 0-0 13. Qc2 Bd7 14. Bg5 h6 15. Be3 Rac8 16. Qd2 Ng4 17. h3 Nxe3 18. fxe3 Na5 19. Bc2 Nb3 20. Qd3 Rxc2 21. Qxc2 Nxa1 22. Rxa1 Rc8 23. Nc3 Qa5 24. Rf1 Rf8 25. Qd3 b5 26. Ne5 Rxf1+ 27. Kxf1 Be8 28. Qd2 b4 29. Ne2 Bb5 30. axb4 Bxb4 31. Qd1 Bd6 32. Kf2 Bxe2 33. Qxe2 Bxe5 34. dxe5 Qc7 35. Qh5 Kh7 36. Kf3 Qb8 37. g4 Qxb2 38. g5 Qb1 39. Qe8 Qg6 40. Qe7 Qf5+ 41. Ke2 hxg5 42. Qxa7 Qxe5 43. Qe7 d4 0-1

[Event "Rakovnik Regional-chT 1415"]
[Site "Rakovnik"]
[Date "2015.01.18"]
[Round "6.1"]
[White "Wasserbauer, Radek"]
[Black "Rosenbaum, Vit"]
[Result "1/2-1/2"]
[WhiteElo "2092"]
[BlackElo "2056"]
[PlyCount "57"]
[EventDate "2014.10.19"]
[EventType "team-tourn"]
[EventRounds "11"]
[EventCountry "CZE"]
[SourceTitle "EXT 2016"]
[Source "ChessBase"]
[SourceDate "2015.10.08"]
[SourceVersion "1"]
[SourceVersionDate "2015.10.08"]
[SourceQuality "1"]
[WhiteTeam "Rakovnik"]
[BlackTeam "Ricany II"]
[WhiteTeamCountry "CZE"]
[BlackTeamCountry "CZE"]

1. e4 e6 2. d4 d5 3. Nc3 Nf6 4. e5 Nfd7 5. Nf3 c5 6. dxc5 Bxc5 7. Bd3 Nc6 8. Bf4 f5 9. 0-0 0-0 10. Na4 Be7 11. c4 d4 12. Qd2 g5 13. Bxg5 Ndxe5 14. Nxe5 Bxg5 15. Nxc6 Bxd2 16. Nxd8 Rxd8 17. Rad1 Bb4 18. f4 Bd7 19. Bc2 Bc6 20. a3 Bf8 21. b4 b5 22. Nb2 a5 23. cxb5 Bxb5 24. Bd3 Be8 25. Bc4 Bf7 26. Nd3 axb4 27. axb4 Rdc8 28. Nc5 Bxc5 29. bxc5 1/2-1/2

[Event "Rakovnik Regional-chT 1415"]
[Site "Rakovnik"]
[Date "2014.12.07"]
[Round "4.1"]
[White "Moravec, Vit"]
[Black "Rosenbaum, Vit"]
[Result "0-1"]
[WhiteElo "2184"]
[BlackElo "2056"]
[PlyCount "72"]
[EventDate "2014.10.19"]
[EventType "team-tourn"]
[EventRounds "11"]
[EventCountry "CZE"]
[SourceTitle "EXT 2016"]
[Source "ChessBase"]
[SourceDate "2015.10.08"]
[SourceVersion "1"]
[SourceVersionDate "2015.10.08"]
[SourceQuality "1"]
[WhiteTeam "Vlasim II"]
[BlackTeam "Ricany II"]
[WhiteTeamCountry "CZE"]
[BlackTeamCountry "CZE"]

1. e4 e6 2. Nf3 d5 3. e5 c5 4. b4 cxb4 5. a3 bxa3 6. d4 Nc6 7. c3 f6 8. Bd3 fxe5 9. dxe5 g6 10. h4 Bg7 11. Qe2 Qc7 12. Bf4 Nge7 13. 0-0 0-0 14. Bh2 Rxf3 15. Qxf3 Nxe5 16. Qe2 N7c6 17. h5 Qe7 18. hxg6 hxg6 19. Bc2 Qf6 20. Nxa3 Bd7 21. f4 Nc4 22. Nxc4 dxc4 23. Qe4 Qxc3 24. Qxg6 Qf6 25. Qh7+ Kf7 26. Qh5+ Ke7 27. Bg3 Rh8 28. Qc5+ Ke8 29. Rad1 Qd4+ 30. Bf2 Qxf4 31. Bg6+ Kd8 32. Rxd7+ Kxd7 33. Rd1+ Kc8 34. Qa3 Bd4 35. Rxd4 Nxd4 36. Qc5+ Nc6 0-1

[Event "Rakovnik Regional-chT 1415"]
[Site "Rakovnik"]
[Date "2014.11.23"]
[Round "3.2"]
[White "Hanl, Frantisek"]
[Black "Rosenbaum, Vit"]
[Result "1-0"]
[WhiteElo "1924"]
[BlackElo "2056"]
[PlyCount "49"]
[EventDate "2014.10.19"]
[EventType "team-tourn"]
[EventRounds "11"]
[EventCountry "CZE"]
[SourceTitle "EXT 2016"]
[Source "ChessBase"]
[SourceDate "2015.10.08"]
[SourceVersion "1"]
[SourceVersionDate "2015.10.08"]
[SourceQuality "1"]
[WhiteTeam "Kralupy nad Vltavou"]
[BlackTeam "Ricany II"]
[WhiteTeamCountry "CZE"]
[BlackTeamCountry "CZE"]

1. e4 e6 2. Nf3 d5 3. e5 c5 4. b4 cxb4 5. d4 Nc6 6. a3 f6 7. Bd3 Qc7 8. 0-0 fxe5 9. Nxe5 Nxe5 10. Bf4 Nf6 11. Bxe5 Qf7 12. axb4 Bxb4 13. c3 Be7 14. Qa4+ Bd7 15. Bb5 Bd8 16. Nd2 0-0 17. Nf3 Bxb5 18. Qxb5 Ne4 19. c4 dxc4 20. Qxc4 Bb6 21. Rae1 Qg6 22. Rxe4 Qxe4 23. Qxe6+ Rf7 24. Qxf7+ Kxf7 25. Ng5+ 1-0

[Event "Harrachov op-A"]
[Site "Harrachov"]
[Date "2009.10.31"]
[Round "9"]
[White "Halla, Jiri"]
[Black "Rosenbaum, Vit"]
[Result "1/2-1/2"]
[WhiteElo "1898"]
[BlackElo "1977"]
[PlyCount "71"]
[EventDate "2009.10.24"]
[EventType "swiss"]
[EventRounds "9"]
[EventCountry "CZE"]
[SourceTitle "EXT 2012"]
[Source "ChessBase"]
[SourceDate "2011.11.24"]
[SourceVersion "1"]
[SourceVersionDate "2011.11.24"]
[SourceQuality "1"]

1. b3 d5 2. Bb2 c5 3. f4 Nf6 4. e3 e6 5. Nf3 Nc6 6. Bb5 Bd7 7. Bxc6 Bxc6 8. Ne5 Rc8 9. d3 Be7 10. 0-0 0-0 11. Nd2 b5 12. c4 bxc4 13. Nxc6 Rxc6 14. dxc4 Qa5 15. Qc2 Rd6 16. Bc3 Qa3 17. Bb2 Qb4 18. Bc3 Qb7 19. Be5 Rd7 20. Rf3 Rfd8 21. Rh3 Ne4 22. Bxg7 Kxg7 23. Nxe4 dxe4 24. Qe2 Bf6 25. Qh5 Kf8 26. Qxc5+ Ke8 27. Rf1 Rd1 28. Rg3 Rxf1+ 29. Kxf1 Be7 30. Rg8+ Kd7 31. Rxd8+ Kxd8 32. Qe5 Qa6 33. Qxe4 Qxa2 34. Qb7 Qb1+ 35. Kf2 Bh4+ 36. g3 1/2-1/2

[Event "Harrachov op-A"]
[Site "Harrachov"]
[Date "2009.10.30"]
[Round "8"]
[White "Rosenbaum, Vit"]
[Black "Slavik, Jan"]
[Result "0-1"]
[WhiteElo "1977"]
[BlackElo "2059"]
[PlyCount "84"]
[EventDate "2009.10.24"]
[EventType "swiss"]
[EventRounds "9"]
[EventCountry "CZE"]
[SourceTitle "EXT 2012"]
[Source "ChessBase"]
[SourceDate "2011.11.24"]
[SourceVersion "1"]
[SourceVersionDate "2011.11.24"]
[SourceQuality "1"]

1. e4 e5 2. Nf3 Nf6 3. Nc3 Bb4 4. Bc4 Nc6 5. 0-0 d6 6. d3 Bg4 7. Bg5 Nd4 8. Nd5 Bc5 9. c3 Nxf3+ 10. gxf3 Bh5 11. d4 Bb6 12. dxe5 dxe5 13. Nxf6+ gxf6 14. Qa4+ Qd7 15. Qxd7+ Kxd7 16. Bh4 Rhg8+ 17. Bg3 Bxf3 18. Bxf7 Rg7 19. Bb3 h5 20. Bd1 h4 21. Bxf3 hxg3 22. Rfd1+ Ke7 23. h3 gxf2+ 24. Kf1 Rg1+ 25. Ke2 a5 26. Bg4 Rd8 27. Rf1 Kf7 28. b3 Kg6 29. a3 Kg5 30. b4 axb4 31. axb4 Kh4 32. c4 Bd4 33. Ra3 Rg3 34. Rxg3 Kxg3 35. Rd1 Ra8 36. Kf1 Ra3 37. Be2 Kxh3 38. Rd3+ Rxd3 39. Bxd3 Kg3 40. Bc2 Kf3 41. b5 Ke3 42. Bb1 Kd2 0-1

[Event "CZE-ch Juniors op-A"]
[Site "Sec u Chrudimi"]
[Date "2008.03.11"]
[Round "5"]
[White "Hlavac, Rudolf"]
[Black "Rosenbaum, Vit"]
[Result "0-1"]
[WhiteElo "2106"]
[BlackElo "1856"]
[PlyCount "144"]
[EventDate "2008.03.08"]
[EventType "swiss"]
[EventRounds "9"]
[EventCountry "CZE"]
[SourceTitle "EXT 2009"]
[Source "ChessBase"]
[SourceDate "2008.11.26"]
[SourceVersion "1"]
[SourceVersionDate "2008.11.26"]
[SourceQuality "1"]

1. e4 c5 2. Nf3 d6 3. d4 cxd4 4. Qxd4 Nc6 5. Bb5 e5 6. Qd3 Be7 7. 0-0 Be6 8. c4 Nf6 9. Nc3 0-0 10. Bxc6 bxc6 11. h3 Qc7 12. b3 Rad8 13. Qe2 Nd7 14. Ng5 Bxg5 15. Bxg5 f6 16. Be3 f5 17. exf5 Bxf5 18. f3 Nf6 19. Qf2 Rf7 20. Rac1 Qe7 21. Bg5 d5 22. cxd5 cxd5 23. Rfd1 d4 24. Qd2 Rff8 25. Ne2 Qe6 26. Ng3 Bg6 27. Qa5 a6 28. Rc5 Rd5 29. Re1 Qd6 30. Rxd5 Nxd5 31. Nf1 Re8 32. Nd2 Bd3 33. Nc4 Bxc4 34. bxc4 Nc3 35. Bf4 Qc6 36. Rxe5 Ne2+ 37. Rxe2 Rxe2 38. Qd8+ Re8 39. Qxd4 Rc8 40. Be5 Qc5 41. Qxc5 Rxc5 42. Bd6 Rxc4 43. a3 Kf7 44. Kf2 Ke6 45. Bf8 g6 46. Kg3 Kf5 47. h4 Ke5 48. Bg7+ Kd5 49. Kh3 Ra4 50. Bf8 Kd4 51. g4 Ke3 52. Kg3 Rc4 53. f4 Ke4 54. h5 Rc3+ 55. Kh4 gxh5 56. Kxh5 Kxf4 57. Bd6+ Ke4 58. Kg5 Rc6 59. Be7 Rg6+ 60. Kh5 Kf3 61. g5 Kf4 62. Bf6 Kf5 63. Be7 Re6 64. Bf6 Rxf6 65. gxf6 Kxf6 66. Kh6 Ke5 67. Kxh7 Kd4 68. Kg6 Kc3 69. Kf5 Kb3 70. Ke4 Kxa3 71. Kd4 Kb3 72. Kd3 a5 0-1

[Event "CZE-ch Juniors op-A"]
[Site "Sec u Chrudimi"]
[Date "2008.03.10"]
[Round "4"]
[White "Rosenbaum, Vit"]
[Black "Novacek, Karel"]
[Result "0-1"]
[WhiteElo "1856"]
[BlackElo "2121"]
[PlyCount "128"]
[EventDate "2008.03.08"]
[EventType "swiss"]
[EventRounds "9"]
[EventCountry "CZE"]
[SourceTitle "EXT 2009"]
[Source "ChessBase"]
[SourceDate "2008.11.26"]
[SourceVersion "1"]
[SourceVersionDate "2008.11.26"]
[SourceQuality "1"]

1. e4 e5 2. Nf3 Nc6 3. Bc4 Nf6 4. Ng5 d5 5. exd5 b5 6. dxc6 bxc4 7. Nc3 Be7 8. 0-0 0-0 9. Qe2 h6 10. Nge4 Be6 11. b3 Qd4 12. Bb2 Nxe4 13. Qxe4 Qxe4 14. Nxe4 f6 15. bxc4 Bxc4 16. d3 Bd5 17. Bc3 Bxc6 18. Nd2 Ba4 19. Nb3 c5 20. f4 exf4 21. Rxf4 Bb5 22. Re4 Rfe8 23. Rae1 Bd6 24. Rxe8+ Rxe8 25. Rxe8+ Bxe8 26. d4 cxd4 27. Bxd4 a6 28. g3 Kf7 29. Kf2 Ke6 30. Bc5 Bc7 31. Bf8 Kf7 32. Bc5 Ke6 33. Bf8 Kf7 34. Bc5 h5 35. Nd4 Bd7 36. Kf3 h4 37. Ne2 Bc6+ 38. Kg4 hxg3 39. hxg3 Be4 40. c3 g6 41. Be3 g5 42. Nd4 Kg6 43. Kh3 Bd5 44. a3 f5 45. Ne2 Bf3 46. Nd4 Bd5 47. Ne2 Kf6 48. Kh2 Bf3 49. Ng1 Bd1 50. Nh3 g4 51. Nf4 Bd6 52. Bc1 Bf3 53. Kg1 Bc5+ 54. Kf1 Bb6 55. Nd3 Ke6 56. c4 a5 57. Bd2 a4 58. Bf4 Be4 59. Ke2 Bxd3+ 60. Kxd3 Bc5 61. Kc3 Bxa3 62. Bb8 Bd6 63. Bxd6 Kxd6 64. Kb4 f4 0-1

[Event "Sec op-A"]
[Site "Sec u Chrudimi"]
[Date "2007.10.25"]
[Round "7"]
[White "Rosenbaum, Vit"]
[Black "Valenta, Petr"]
[Result "1-0"]
[WhiteElo "1879"]
[BlackElo "1946"]
[PlyCount "61"]
[EventDate "2007.10.20"]
[EventType "swiss"]
[EventRounds "9"]
[EventCountry "CZE"]
[SourceTitle "EXT 2022"]
[Source "ChessBase"]
[SourceDate "2021.10.06"]
[SourceVersion "1"]
[SourceVersionDate "2021.10.06"]
[SourceQuality "1"]

1. e4 c5 2. Nf3 e6 3. d4 cxd4 4. Nxd4 d6 5. Nc3 a6 6. Be2 Nf6 7. Bg5 Be7 8. Qd2 b5 9. a3 Bb7 10. Bxf6 Bxf6 11. Rd1 Be7 12. 0-0 0-0 13. f4 Nd7 14. Bf3 Qb6 15. Kh1 Rad8 16. f5 e5 17. Nb3 Nf6 18. Qf2 Qc7 19. Nc1 Bc6 20. Qe2 Qb6 21. g4 g5 22. h4 h6 23. hxg5 hxg5 24. Kg2 Kg7 25. Qd2 Nd7 26. N1e2 Rh8 27. Ng3 Rh6 28. f6+ Kxf6 29. Be2+ Ke6 30. Nf5 Rg6 31. Nd5 1-0

[Event "Sec op-A"]
[Site "Sec u Chrudimi"]
[Date "2007.10.22"]
[Round "4"]
[White "Priesol, Tomas"]
[Black "Rosenbaum, Vit"]
[Result "0-1"]
[WhiteElo "1804"]
[BlackElo "1879"]
[PlyCount "88"]
[EventDate "2007.10.20"]
[EventType "swiss"]
[EventRounds "9"]
[EventCountry "CZE"]
[SourceTitle "EXT 2022"]
[Source "ChessBase"]
[SourceDate "2021.10.06"]
[SourceVersion "1"]
[SourceVersionDate "2021.10.06"]
[SourceQuality "1"]

1. e4 e6 2. d4 d5 3. exd5 exd5 4. Nf3 Bd6 5. Bd3 Nf6 6. 0-0 0-0 7. Bg5 Bg4 8. Nbd2 Nbd7 9. c3 Re8 10. Qc2 h6 11. Bh4 c6 12. Rfe1 Qc7 13. Re3 Rxe3 14. fxe3 Bxf3 15. Nxf3 Ng4 16. h3 Nxe3 17. Qf2 Nc4 18. Rf1 Nf8 19. Qe2 b5 20. b3 Nb6 21. Re1 Nbd7 22. Be7 Ne6 23. Bf5 Bxe7 24. Bxe6 Bf6 25. Bf5 Nf8 26. Qe3 g6 27. Bd3 Kg7 28. Rf1 Ne6 29. Ne5 Bxe5 30. dxe5 Qb6 31. Qxb6 axb6 32. Rf6 Nc5 33. Bb1 Rc8 34. Kf1 Nd7 35. Rd6 Nxe5 36. Ke2 f6 37. c4 bxc4 38. bxc4 dxc4 39. Kd2 Rc7 40. Kc3 b5 41. Rd2 c5 42. a3 b4+ 43. axb4 cxb4+ 44. Kxb4 Rb7+ 0-1

[Event "Sec op-A"]
[Site "Sec u Chrudimi"]
[Date "2007.10.20"]
[Round "1"]
[White "Rosenbaum, Vit"]
[Black "Belobrad, Ivan"]
[Result "0-1"]
[WhiteElo "1879"]
[BlackElo "2030"]
[PlyCount "38"]
[EventDate "2007.10.20"]
[EventType "swiss"]
[EventRounds "9"]
[EventCountry "CZE"]
[SourceTitle "EXT 2022"]
[Source "ChessBase"]
[SourceDate "2021.10.06"]
[SourceVersion "1"]
[SourceVersionDate "2021.10.06"]
[SourceQuality "1"]

1. e4 e5 2. Nf3 Nc6 3. Bc4 Nf6 4. Ng5 Bc5 5. Nxf7 Bxf2+ 6. Kf1 Qe7 7. Nxh8 d5 8. exd5 Nd4 9. Be2 Bh4 10. Nc3 Bg4 11. Bxg4 Nxg4 12. g3 Qf6+ 13. Kg2 Qf2+ 14. Kh3 Nxh2 15. Qh5+ g6 16. Qxe5+ Be7 17. Rxh2 Qf1+ 18. Rg2 Nf3 19. Qf4 Qh1+ 0-1

[Event "Pardubice Medis op"]
[Site "Pardubice"]
[Date "2007.07.18"]
[Round "9"]
[White "Miturova, Magdalena"]
[Black "Rosenbaum, Vit"]
[Result "1/2-1/2"]
[WhiteElo "1879"]
[BlackElo "1845"]
[PlyCount "52"]
[EventDate "2007.07.12"]
[EventType "swiss"]
[EventRounds "9"]
[EventCountry "CZE"]
[SourceTitle "EXT 2008"]
[Source "ChessBase"]
[SourceDate "2007.11.25"]
[SourceVersion "1"]
[SourceVersionDate "2007.11.25"]
[SourceQuality "1"]

1. e4 e6 2. d4 d5 3. Nd2 Nf6 4. e5 Nfd7 5. Bd3 c5 6. c3 Nc6 7. Ne2 cxd4 8. cxd4 f6 9. exf6 Qxf6 10. Nf3 h6 11. 0-0 Bd6 12. Be3 0-0 13. Rc1 e5 14. dxe5 Ndxe5 15. Nxe5 Nxe5 16. Bb1 Be6 17. Nc3 Ng4 18. g3 Nxe3 19. fxe3 Qxf1+ 20. Qxf1 Rxf1+ 21. Rxf1 Rf8 22. Nb5 Bc5 23. Rxf8+ Kxf8 24. Nd4 Ke7 25. Kf2 Kf6 26. Nxe6 Kxe6 1/2-1/2